BIBLIOTECA PODER JUDICIAL
Portal Judicial TDF

Interpretaciones en tensión sobre la prescripción en delitos contra la integridad sexual cometidos en contextos institucionales : (Registro nro. 5663)

000 -LEADER
fixed length control field 01680nab a22002897a 4500
003 - CONTROL NUMBER IDENTIFIER
control field OSt
005 - DATE AND TIME OF LATEST TRANSACTION
control field 20251226130343.0
008 - FIXED-LENGTH DATA ELEMENTS--GENERAL INFORMATION
fixed length control field 190429b xxu||||| |||| 00| 0 spa d
040 ## - CATALOGING SOURCE
Transcribing agency PJ
100 ## - MAIN ENTRY--PERSONAL NAME
9 (RLIN) 6623
Personal name Neve Piñeira, Julia Ana
245 10 - TITLE STATEMENT
Title Interpretaciones en tensión sobre la prescripción en delitos contra la integridad sexual cometidos en contextos institucionales :
Remainder of title ¿hay responsabilidad del Estado? /
Statement of responsibility, etc Julia Ana Neve Piñeira, Macarena Ayelén Picardi.
260 ## - PUBLICATION, DISTRIBUTION, ETC. (IMPRINT)
Date of publication, distribution, etc Ciudad Autónoma de Buenos Aires :
Place of publication, distribution, etc Thomson Reuters La Ley,
Name of publisher, distributor, etc 2025.
300 ## - PHYSICAL DESCRIPTION
Extent p. 39-47
500 ## - GENERAL NOTE
General note Cita: TR LALEY AR/DOC/2207/2025.
505 ## - FORMATTED CONTENTS NOTE
Formatted contents note Sumario: I. Introducción.— II. Síntesis del caso y recorrido judicial.— III. El núcleo del debate: prescripción vs. imprescriptibilidad.— IV. Valoración probatoria en delitos contra la integridad sexual.— V. Estándares de revisión de prueba por la Corte Suprema de Justicia de la Nación.— VI. Breve nota sobre el juicio por la verdad.— VII. Conclusiones.<br/>
505 ## - FORMATTED CONTENTS NOTE
Title Si te interesa el texto completo, solicitalo a koha@justierradelfuego.gov.ar
650 #0 - SUBJECT ADDED ENTRY--TOPICAL TERM
9 (RLIN) 343
Topical term or geographic name as entry element DERECHO PENAL
650 #0 - SUBJECT ADDED ENTRY--TOPICAL TERM
9 (RLIN) 614
Topical term or geographic name as entry element DERECHOS HUMANOS
650 #0 - SUBJECT ADDED ENTRY--TOPICAL TERM
9 (RLIN) 2902
Topical term or geographic name as entry element DELITOS CONTRA LA INTEGRIDAD SEXUAL
650 #0 - SUBJECT ADDED ENTRY--TOPICAL TERM
9 (RLIN) 2741
Topical term or geographic name as entry element DERECHOS DE LAS NIÑAS, NIÑOS Y ADOLESCENTES
650 #0 - SUBJECT ADDED ENTRY--TOPICAL TERM
9 (RLIN) 2903
Topical term or geographic name as entry element ABUSO SEXUAL
650 #0 - SUBJECT ADDED ENTRY--TOPICAL TERM
9 (RLIN) 6334
Topical term or geographic name as entry element CRÍMENES DE LESA HUMANIDAD
650 #0 - SUBJECT ADDED ENTRY--TOPICAL TERM
9 (RLIN) 3902
Topical term or geographic name as entry element PRESCRIPCIÓN DE LA ACCIÓN PENAL
700 ## - ADDED ENTRY--PERSONAL NAME
9 (RLIN) 6624
Personal name Picardi, Macarena Ayelén
773 0# - HOST ITEM ENTRY
Host Biblionumber 2658
Host Itemnumber 3164
Title Revista de derecho penal y criminología. Nº 9 - Octubre 2025
Place, publisher, and date of publication Ciudad Autónoma de Buenos Aires : Thomson Reuters La Ley, 2017-
International Standard Serial Number 00347914
942 ## - ADDED ENTRY ELEMENTS (KOHA)
Source of classification or shelving scheme
Koha item type Analítica Artículo de Revista

No hay ítems disponibles.

12 de Octubre 789 Ushuaia - Tel:  54(02901)441571
Horario de Atención: 8.00 a 17.00 hs. 
bibliotecaush@justierradelfuego.gov.ar
koha@justierradelfuego.gov.ar
Seguinos en nuestras redes @bibliojustdf 

Con tecnología Koha